[Event "April 9 Early 2024"]
[Site "Chess.com"]
[Date "2024.04.09"]
[Round "5"]
[White "Sadovsky, Artem"]
[Black "Miszler, Levente"]
[Result "1-0"]
[Board "136"]
[WhiteFideId "4155840"]
[BlackFideId "763276"]
[WhiteTitle "IM"]
[BlackTitle "FM"]
[WhiteElo "2607"]
[BlackElo "2482"]
[WhiteTeam "FID"]
[BlackTeam "HUN"]
[WhiteClock "0:00:45"]
[BlackClock "0:00:17"]
[Variant "Standard"]

1. Nf3 {[%clk 0:02:52]}  Nf6 {[%clk 0:02:57]} 2. e3 {[%clk 0:02:48]}  g6 {[%clk 0:02:56]} 3. b3 {[%clk 0:02:48]}  Bg7 {[%clk 0:02:56]} 4. Bb2 {[%clk 0:02:49]}  O-O {[%clk 0:02:57]} 5. Be2 {[%clk 0:02:47]}  d5 {[%clk 0:02:57]} 6. O-O {[%clk 0:02:45]}  c5 {[%clk 0:02:58]} 7. c4 {[%clk 0:02:44]}  Nc6 {[%clk 0:02:56]} 8. cxd5 {[%clk 0:02:44]}  Qxd5 {[%clk 0:02:53]} 9. Na3 {[%clk 0:02:38]}  Bf5 {[%clk 0:02:48]} 10. Nc4 {[%clk 0:02:29]}  Rfd8 {[%clk 0:02:39]} 11. a4 {[%clk 0:02:15]}  Nb4 {[%clk 0:02:36]} 12. Nfe5 {[%clk 0:02:14]}  Nd3 {[%clk 0:02:26]} 13. Nxd3 {[%clk 0:02:07]}  Bxd3 {[%clk 0:02:26]} 14. Bxd3 {[%clk 0:02:03]}  Qxd3 {[%clk 0:02:26]} 15. Bxf6 {[%clk 0:01:59]}  Bxf6 {[%clk 0:02:26]} 16. Ra2 {[%clk 0:01:58]}  b6 {[%clk 0:02:23]} 17. Qc2 {[%clk 0:01:57]}  Qxc2 {[%clk 0:02:22]} 18. Rxc2 {[%clk 0:01:58]}  Rd3 {[%clk 0:02:22]} 19. Rb1 {[%clk 0:01:58]}  Rad8 {[%clk 0:02:19]} 20. Kf1 {[%clk 0:01:58]}  e6 {[%clk 0:02:08]} 21. Ke2 {[%clk 0:01:58]}  Kf8 {[%clk 0:02:08]} 22. b4 {[%clk 0:01:46]}  cxb4 {[%clk 0:02:00]} 23. Rxb4 {[%clk 0:01:47]}  R3d7 {[%clk 0:02:00]} 24. a5 {[%clk 0:01:39]}  Be7 {[%clk 0:01:50]} 25. Rb5 {[%clk 0:01:33]}  bxa5 {[%clk 0:01:25]} 26. Nxa5 {[%clk 0:01:34]}  Rd5 {[%clk 0:01:19]} 27. Rxd5 {[%clk 0:01:24]}  Rxd5 {[%clk 0:01:19]} 28. Nc6 {[%clk 0:01:25]}  Bc5 {[%clk 0:01:15]} 29. e4 {[%clk 0:01:22]}  Rh5 {[%clk 0:01:12]} 30. g4 {[%clk 0:01:21]}  Rg5 {[%clk 0:01:05]} 31. f4 {[%clk 0:01:07]}  Rxg4 {[%clk 0:01:05]} 32. Kf3 {[%clk 0:01:07]}  Rh4 {[%clk 0:01:01]} 33. Rxc5 {[%clk 0:01:07]}  Rxh2 {[%clk 0:01:02]} 34. d4 {[%clk 0:01:04]}  Ra2 {[%clk 0:01:01]} 35. d5 {[%clk 0:01:01]}  Ra3+ {[%clk 0:00:52]} 36. Kf2 {[%clk 0:01:01]}  exd5 {[%clk 0:00:48]} 37. exd5 {[%clk 0:01:01]}  Ke8 {[%clk 0:00:42]} 38. d6 {[%clk 0:00:47]}  Kd7 {[%clk 0:00:38]} 39. Rd5 {[%clk 0:00:47]}  f6 {[%clk 0:00:30]} 40. Nb8+ {[%clk 0:00:46]}  Kd8 {[%clk 0:00:30]} 41. d7 {[%clk 0:00:45]}  Rc3 {[%clk 0:00:17]} 42. Rd6 {[%clk 0:00:45]} 1-0

[Event "April 9 Early 2024"]
[Site "Chess.com"]
[Date "2024.04.09"]
[Round "5"]
[White "Goltseva, Ekaterina"]
[Black "Tifferet, Shakked"]
[Result "1-0"]
[Board "139"]
[WhiteFideId "24173770"]
[BlackFideId "2811529"]
[WhiteTitle "FM"]
[BlackTitle "FM"]
[WhiteElo "2604"]
[BlackElo "2477"]
[WhiteTeam "RUS"]
[BlackTeam "ISR"]
[WhiteClock "0:00:12"]
[BlackClock "0:01:06"]
[Variant "Standard"]

1. Nf3 {[%clk 0:03:00]}  b6 {[%clk 0:02:58]} 2. g3 {[%clk 0:03:00]}  Bb7 {[%clk 0:02:58]} 3. Bg2 {[%clk 0:02:59]}  g6 {[%clk 0:02:58]} 4. O-O {[%clk 0:02:58]}  Bg7 {[%clk 0:02:59]} 5. c4 {[%clk 0:02:59]}  Nf6 {[%clk 0:02:59]} 6. d4 {[%clk 0:02:59]}  O-O {[%clk 0:02:59]} 7. Nc3 {[%clk 0:02:57]}  Ne4 {[%clk 0:03:00]} 8. Qc2 {[%clk 0:02:55]}  Nxc3 {[%clk 0:03:00]} 9. bxc3 {[%clk 0:02:55]}  Nc6 {[%clk 0:02:59]} 10. e4 {[%clk 0:02:53]}  Na5 {[%clk 0:02:59]} 11. Nd2 {[%clk 0:02:46]}  c5 {[%clk 0:02:56]} 12. Bb2 {[%clk 0:02:44]}  Rc8 {[%clk 0:02:52]} 13. d5 {[%clk 0:02:38]}  Ba6 {[%clk 0:02:52]} 14. Qd3 {[%clk 0:02:38]}  d6 {[%clk 0:02:50]} 15. f4 {[%clk 0:02:35]}  Qd7 {[%clk 0:02:51]} 16. a4 {[%clk 0:02:35]}  e6 {[%clk 0:02:48]} 17. Bh3 {[%clk 0:02:27]}  Rcd8 {[%clk 0:02:46]} 18. Kg2 {[%clk 0:02:01]}  Qe7 {[%clk 0:02:46]} 19. Rae1 {[%clk 0:01:59]}  e5 {[%clk 0:02:43]} 20. f5 {[%clk 0:01:57]}  Bc8 {[%clk 0:02:39]} 21. g4 {[%clk 0:01:48]}  f6 {[%clk 0:02:31]} 22. Kf2 {[%clk 0:01:37]}  Bh6 {[%clk 0:02:29]} 23. Nb1 {[%clk 0:01:22]}  Qe8 {[%clk 0:02:27]} 24. Rg1 {[%clk 0:00:55]}  Kh8 {[%clk 0:02:17]} 25. Bf1 {[%clk 0:00:54]}  Qxa4 {[%clk 0:02:16]} 26. h4 {[%clk 0:00:54]}  Bf4 {[%clk 0:02:08]} 27. Bc1 {[%clk 0:00:49]}  Bxc1 {[%clk 0:02:06]} 28. Rxc1 {[%clk 0:00:50]}  Ba6 {[%clk 0:02:06]} 29. Nd2 {[%clk 0:00:50]}  b5 {[%clk 0:02:02]} 30. Be2 {[%clk 0:00:31]}  bxc4 {[%clk 0:02:00]} 31. Qe3 {[%clk 0:00:31]}  Rb8 {[%clk 0:01:57]} 32. Ra1 {[%clk 0:00:24]}  Qb5 {[%clk 0:01:57]} 33. fxg6 {[%clk 0:00:24]}  Rb7 {[%clk 0:01:52]} 34. Qh6 {[%clk 0:00:22]}  Rg7 {[%clk 0:01:41]} 35. Rgb1 {[%clk 0:00:20]}  Qe8 {[%clk 0:01:29]} 36. Rxa5 {[%clk 0:00:20]}  Bc8 {[%clk 0:01:28]} 37. h5 {[%clk 0:00:17]}  f5 {[%clk 0:01:26]} 38. gxf5 {[%clk 0:00:16]}  Qe7 {[%clk 0:01:26]} 39. Rg1 {[%clk 0:00:13]}  Qh4+ {[%clk 0:01:26]} 40. Rg3 {[%clk 0:00:13]}  Qh2+ {[%clk 0:01:25]} 41. Rg2 {[%clk 0:00:13]}  Qh4+ {[%clk 0:01:26]} 42. Kg1 {[%clk 0:00:13]}  Bxf5 {[%clk 0:01:22]} 43. Rxa7 {[%clk 0:00:12]}  Rfg8 {[%clk 0:01:06]} 44. Qxh7+ {[%clk 0:00:12]} 1-0

[Event "April 9 Early 2024"]
[Site "Chess.com"]
[Date "2024.04.09"]
[Round "5"]
[White "Hnatyshyn, Anastasiia"]
[Black "Tabuenca Mendataurigoitia, Daniel"]
[Result "1/2-1/2"]
[Board "142"]
[WhiteFideId "14198339"]
[BlackFideId "24563617"]
[WhiteTitle "WFM"]
[BlackTitle "FM"]
[WhiteElo "2473"]
[BlackElo "2603"]
[WhiteTeam "UKR"]
[BlackTeam "ESP"]
[WhiteClock "0:00:14"]
[BlackClock "0:00:29"]
[Variant "Standard"]

1. Nc3 {[%clk 0:02:59]}  e6 {[%clk 0:02:57]} 2. d4 {[%clk 0:02:54]}  d5 {[%clk 0:02:56]} 3. e4 {[%clk 0:02:54]}  Nf6 {[%clk 0:02:52]} 4. e5 {[%clk 0:02:51]}  Nfd7 {[%clk 0:02:51]} 5. f4 {[%clk 0:02:50]}  c5 {[%clk 0:02:51]} 6. Nf3 {[%clk 0:02:37]}  Nc6 {[%clk 0:02:51]} 7. Be3 {[%clk 0:02:34]}  Be7 {[%clk 0:02:47]} 8. a3 {[%clk 0:02:31]}  O-O {[%clk 0:02:42]} 9. Be2 {[%clk 0:02:24]}  b6 {[%clk 0:02:41]} 10. O-O {[%clk 0:02:22]}  f5 {[%clk 0:02:40]} 11. dxc5 {[%clk 0:02:16]}  Nxc5 {[%clk 0:02:36]} 12. Bb5 {[%clk 0:02:13]}  Bd7 {[%clk 0:02:27]} 13. Bxc6 {[%clk 0:02:02]}  Bxc6 {[%clk 0:02:28]} 14. Nd4 {[%clk 0:02:03]}  Qd7 {[%clk 0:02:27]} 15. b4 {[%clk 0:01:59]}  Ne4 {[%clk 0:02:22]} 16. Nxe4 {[%clk 0:01:57]}  dxe4 {[%clk 0:02:19]} 17. c4 {[%clk 0:01:56]}  Rfd8 {[%clk 0:02:17]} 18. Qb3 {[%clk 0:01:51]}  a5 {[%clk 0:02:04]} 19. Qb2 {[%clk 0:01:30]}  Kf7 {[%clk 0:01:49]} 20. Rfd1 {[%clk 0:01:25]}  axb4 {[%clk 0:01:47]} 21. axb4 {[%clk 0:01:21]}  Rxa1 {[%clk 0:01:46]} 22. Rxa1 {[%clk 0:01:19]}  Ra8 {[%clk 0:01:47]} 23. Rxa8 {[%clk 0:01:14]}  Bxa8 {[%clk 0:01:48]} 24. Qa3 {[%clk 0:01:04]}  Bb7 {[%clk 0:01:39]} 25. Kf2 {[%clk 0:00:58]}  Qc7 {[%clk 0:01:34]} 26. Qb3 {[%clk 0:00:54]}  g5 {[%clk 0:01:28]} 27. g3 {[%clk 0:00:41]}  gxf4 {[%clk 0:01:24]} 28. gxf4 {[%clk 0:00:40]}  Qd8 {[%clk 0:01:18]} 29. Ne2 {[%clk 0:00:31]}  Qd3 {[%clk 0:01:02]} 30. Qxd3 {[%clk 0:00:18]}  exd3 {[%clk 0:01:03]} 31. Nc1 {[%clk 0:00:18]}  Be4 {[%clk 0:01:01]} 32. c5 {[%clk 0:00:18]}  bxc5 {[%clk 0:01:01]} 33. bxc5 {[%clk 0:00:18]}  Bxc5 {[%clk 0:01:01]} 34. Nxd3 {[%clk 0:00:13]}  Bxe3+ {[%clk 0:00:43]} 35. Kxe3 {[%clk 0:00:13]}  Bxd3 {[%clk 0:00:32]} 36. Kxd3 {[%clk 0:00:14]}  Kg6 {[%clk 0:00:33]} 37. Kd4 {[%clk 0:00:14]}  Kh5 {[%clk 0:00:33]} 38. Kc5 {[%clk 0:00:13]}  Kg4 {[%clk 0:00:33]} 39. Kd6 {[%clk 0:00:13]}  Kxf4 {[%clk 0:00:34]} 40. Kxe6 {[%clk 0:00:14]}  Kg4 {[%clk 0:00:30]} 41. Kd6 {[%clk 0:00:13]}  f4 {[%clk 0:00:31]} 42. e6 {[%clk 0:00:14]}  f3 {[%clk 0:00:31]} 43. e7 {[%clk 0:00:14]}  f2 {[%clk 0:00:30]} 44. e8=Q {[%clk 0:00:14]}  f1=Q {[%clk 0:00:30]} 45. Qg8+ {[%clk 0:00:14]}  Kh3 {[%clk 0:00:29]} 46. Qxh7+ {[%clk 0:00:15]}  Kg2 {[%clk 0:00:29]} 47. Qg6+ {[%clk 0:00:13]}  Kxh2 {[%clk 0:00:28]} 48. Qh5+ {[%clk 0:00:13]}  Kg1 {[%clk 0:00:27]} 49. Qg4+ {[%clk 0:00:13]}  Kh1 {[%clk 0:00:27]} 50. Qh4+ {[%clk 0:00:13]}  Kg2 {[%clk 0:00:28]} 51. Qg4+ {[%clk 0:00:13]}  Kh2 {[%clk 0:00:28]} 52. Qh4+ {[%clk 0:00:13]}  Qh3 {[%clk 0:00:28]} 53. Qxh3+ {[%clk 0:00:14]}  Kxh3 {[%clk 0:00:29]} 1/2-1/2

[Event "April 9 Early 2024"]
[Site "Chess.com"]
[Date "2024.04.09"]
[Round "5"]
[White "Eilers, Stefan"]
[Black "Laddha, Shubh Jayesh"]
[Result "0-1"]
[Board "144"]
[WhiteFideId "4609565"]
[BlackFideId "30942799"]
[WhiteTitle "FM"]
[BlackTitle "FM"]
[WhiteElo "2470"]
[BlackElo "2599"]
[WhiteTeam "GER"]
[BlackTeam "USA"]
[WhiteClock "0:00:03"]
[BlackClock "0:00:12"]
[Variant "Standard"]

1. d4 {[%clk 0:03:00]}  d5 {[%clk 0:02:59]} 2. Nf3 {[%clk 0:03:01]}  Nf6 {[%clk 0:02:59]} 3. g3 {[%clk 0:03:02]}  c6 {[%clk 0:02:54]} 4. Bg2 {[%clk 0:03:02]}  Bf5 {[%clk 0:02:55]} 5. Nh4 {[%clk 0:03:02]}  Bc8 {[%clk 0:02:52]} 6. c4 {[%clk 0:03:01]}  dxc4 {[%clk 0:02:51]} 7. Na3 {[%clk 0:02:55]}  g6 {[%clk 0:02:46]} 8. Nxc4 {[%clk 0:02:53]}  Bg7 {[%clk 0:02:47]} 9. O-O {[%clk 0:02:48]}  O-O {[%clk 0:02:46]} 10. e4 {[%clk 0:02:47]}  b6 {[%clk 0:02:39]} 11. b3 {[%clk 0:02:35]}  Ba6 {[%clk 0:02:38]} 12. Re1 {[%clk 0:02:33]}  Nbd7 {[%clk 0:02:38]} 13. Bb2 {[%clk 0:02:28]}  Qc7 {[%clk 0:02:24]} 14. Rc1 {[%clk 0:02:25]}  Rad8 {[%clk 0:02:18]} 15. Qc2 {[%clk 0:02:06]}  Rfe8 {[%clk 0:02:11]} 16. Ne5 {[%clk 0:02:00]}  c5 {[%clk 0:01:48]} 17. f4 {[%clk 0:01:31]}  Nxe5 {[%clk 0:01:04]} 18. dxe5 {[%clk 0:01:13]}  Nd7 {[%clk 0:00:54]} 19. e6 {[%clk 0:00:58]}  fxe6 {[%clk 0:00:54]} 20. Nf3 {[%clk 0:00:53]}  Nf8 {[%clk 0:00:52]} 21. Bxg7 {[%clk 0:00:51]}  Kxg7 {[%clk 0:00:52]} 22. Red1 {[%clk 0:00:35]}  Rxd1+ {[%clk 0:00:49]} 23. Rxd1 {[%clk 0:00:35]}  Rd8 {[%clk 0:00:50]} 24. h4 {[%clk 0:00:15]}  Rxd1+ {[%clk 0:00:43]} 25. Qxd1 {[%clk 0:00:16]}  Qd6 {[%clk 0:00:42]} 26. Qc1 {[%clk 0:00:16]}  Qd3 {[%clk 0:00:39]} 27. Ne5 {[%clk 0:00:11]}  Qxg3 {[%clk 0:00:26]} 28. Qb2 {[%clk 0:00:06]}  Kg8 {[%clk 0:00:21]} 29. h5 {[%clk 0:00:02]}  Qxf4 {[%clk 0:00:18]} 30. hxg6 {[%clk 0:00:01]}  hxg6 {[%clk 0:00:14]} 31. Nf3 {[%clk 0:00:01]}  Qe3+ {[%clk 0:00:14]} 32. Kh2 {[%clk 0:00:01]}  Qh6+ {[%clk 0:00:14]} 33. Kg1 {[%clk 0:00:01]}  Bb7 {[%clk 0:00:14]} 34. Qa3 {[%clk 0:00:02]}  Bxe4 {[%clk 0:00:11]} 35. Nh2 {[%clk 0:00:02]}  Qe3+ {[%clk 0:00:11]} 36. Kh1 {[%clk 0:00:02]}  Qe1+ {[%clk 0:00:11]} 37. Nf1 {[%clk 0:00:02]}  Qxf1+ {[%clk 0:00:11]} 38. Kh2 {[%clk 0:00:03]}  Qxg2# {[%clk 0:00:12]} 0-1

[Event "April 9 Early 2024"]
[Site "Chess.com"]
[Date "2024.04.09"]
[Round "5"]
[White "Bykov, Egor"]
[Black "Slovineanu, Viacheslav"]
[Result "1-0"]
[Board "145"]
[WhiteFideId "34115290"]
[BlackFideId "13900510"]
[WhiteTitle "FM"]
[BlackTitle "IM"]
[WhiteElo "2591"]
[BlackElo "2470"]
[WhiteTeam "RUS"]
[BlackTeam "MDA"]
[WhiteClock "0:01:08"]
[BlackClock "0:00:00"]
[Variant "Standard"]

1. Nf3 {[%clk 0:03:00]}  Nf6 {[%clk 0:02:54]} 2. b3 {[%clk 0:02:59]}  e6 {[%clk 0:02:52]} 3. Bb2 {[%clk 0:02:59]}  d5 {[%clk 0:02:53]} 4. e3 {[%clk 0:02:55]}  Be7 {[%clk 0:02:47]} 5. c4 {[%clk 0:02:55]}  O-O {[%clk 0:02:47]} 6. Nc3 {[%clk 0:02:55]}  c5 {[%clk 0:02:45]} 7. cxd5 {[%clk 0:02:53]}  exd5 {[%clk 0:02:41]} 8. d4 {[%clk 0:02:52]}  Nc6 {[%clk 0:02:40]} 9. Be2 {[%clk 0:02:49]}  Bg4 {[%clk 0:02:35]} 10. dxc5 {[%clk 0:02:42]}  Bxc5 {[%clk 0:02:35]} 11. O-O {[%clk 0:02:42]}  a6 {[%clk 0:02:32]} 12. Rc1 {[%clk 0:02:40]}  Ba7 {[%clk 0:02:24]} 13. h3 {[%clk 0:02:40]}  Bh5 {[%clk 0:02:24]} 14. Nh4 {[%clk 0:02:38]}  Bxe2 {[%clk 0:02:16]} 15. Nxe2 {[%clk 0:02:39]}  Re8 {[%clk 0:02:13]} 16. Nf5 {[%clk 0:02:24]}  Qd7 {[%clk 0:02:05]} 17. Neg3 {[%clk 0:02:01]}  Re6 {[%clk 0:01:15]} 18. Nxg7 {[%clk 0:01:42]}  Kxg7 {[%clk 0:01:12]} 19. Qg4+ {[%clk 0:01:41]}  Kf8 {[%clk 0:00:45]} 20. Bxf6 {[%clk 0:01:39]}  Qd6 {[%clk 0:00:24]} 21. Qg7+ {[%clk 0:01:29]}  Ke8 {[%clk 0:00:24]} 22. Nf5 {[%clk 0:01:20]}  Qf8 {[%clk 0:00:20]} 23. Rfd1 {[%clk 0:01:19]}  d4 {[%clk 0:00:16]} 24. exd4 {[%clk 0:01:17]}  Re4 {[%clk 0:00:09]} 25. Qg3 {[%clk 0:01:09]}  Kd7 {[%clk 0:00:05]} 26. d5 {[%clk 0:01:09]}  Nb4 {[%clk 0:00:05]} 27. Rc7+ {[%clk 0:01:08]}  Ke8 {[%clk 0:00:00]} 28. Nd6+ {[%clk 0:01:08]} 1-0

[Event "April 9 Early 2024"]
[Site "Chess.com"]
[Date "2024.04.09"]
[Round "5"]
[White "Turzo, Attila"]
[Black "Novik, Maxim"]
[Result "0-1"]
[Board "147"]
[WhiteFideId "704954"]
[BlackFideId "4102924"]
[WhiteTitle "IM"]
[BlackTitle "GM"]
[WhiteElo "2467"]
[BlackElo "2582"]
[WhiteTeam "HUN"]
[BlackTeam "LTU"]
[WhiteClock "0:00:21"]
[BlackClock "0:00:39"]
[Variant "Standard"]

1. d4 {[%clk 0:03:00]}  Nf6 {[%clk 0:02:59]} 2. c4 {[%clk 0:03:01]}  g6 {[%clk 0:02:59]} 3. Nc3 {[%clk 0:03:00]}  d5 {[%clk 0:03:00]} 4. Nf3 {[%clk 0:02:57]}  Bg7 {[%clk 0:02:59]} 5. Qb3 {[%clk 0:02:57]}  dxc4 {[%clk 0:02:59]} 6. Qxc4 {[%clk 0:02:58]}  O-O {[%clk 0:02:59]} 7. e4 {[%clk 0:02:58]}  Nc6 {[%clk 0:02:59]} 8. e5 {[%clk 0:02:48]}  Nd7 {[%clk 0:02:49]} 9. e6 {[%clk 0:02:25]}  fxe6 {[%clk 0:02:47]} 10. Qxe6+ {[%clk 0:02:18]}  Kh8 {[%clk 0:02:46]} 11. Be3 {[%clk 0:02:12]}  Nde5 {[%clk 0:02:38]} 12. Qxe5 {[%clk 0:01:57]}  Nxe5 {[%clk 0:02:36]} 13. dxe5 {[%clk 0:01:38]}  Bg4 {[%clk 0:02:32]} 14. Rd1 {[%clk 0:01:35]}  Qc8 {[%clk 0:02:26]} 15. Be2 {[%clk 0:01:35]}  Bxf3 {[%clk 0:02:18]} 16. Bxf3 {[%clk 0:01:36]}  Bxe5 {[%clk 0:02:19]} 17. O-O {[%clk 0:01:34]}  c6 {[%clk 0:02:18]} 18. Rfe1 {[%clk 0:01:33]}  Qc7 {[%clk 0:02:17]} 19. h3 {[%clk 0:01:30]}  Rad8 {[%clk 0:02:02]} 20. Bh6 {[%clk 0:01:12]}  Bg7 {[%clk 0:01:58]} 21. Bg5 {[%clk 0:01:08]}  Rxd1 {[%clk 0:01:50]} 22. Rxd1 {[%clk 0:01:08]}  Rd8 {[%clk 0:01:49]} 23. Re1 {[%clk 0:01:07]}  Bf6 {[%clk 0:01:48]} 24. Bh6 {[%clk 0:01:06]}  Qb6 {[%clk 0:01:44]} 25. Ne4 {[%clk 0:01:04]}  Qxb2 {[%clk 0:01:38]} 26. Nxf6 {[%clk 0:01:03]}  Qxf6 {[%clk 0:01:38]} 27. Be3 {[%clk 0:00:56]}  b6 {[%clk 0:01:29]} 28. Bg4 {[%clk 0:00:50]}  c5 {[%clk 0:01:22]} 29. g3 {[%clk 0:00:48]}  h5 {[%clk 0:01:20]} 30. Bf4 {[%clk 0:00:44]}  hxg4 {[%clk 0:01:09]} 31. Be5 {[%clk 0:00:44]}  gxh3 {[%clk 0:01:09]} 32. Bxf6+ {[%clk 0:00:42]}  exf6 {[%clk 0:01:08]} 33. Re7 {[%clk 0:00:42]}  Rc8 {[%clk 0:00:50]} 34. Rxa7 {[%clk 0:00:31]}  c4 {[%clk 0:00:50]} 35. Rd7 {[%clk 0:00:32]}  c3 {[%clk 0:00:50]} 36. Rd1 {[%clk 0:00:33]}  c2 {[%clk 0:00:50]} 37. Rc1 {[%clk 0:00:33]}  g5 {[%clk 0:00:49]} 38. g4 {[%clk 0:00:33]}  Rc3 {[%clk 0:00:48]} 39. Kh2 {[%clk 0:00:32]}  f5 {[%clk 0:00:44]} 40. f3 {[%clk 0:00:24]}  fxg4 {[%clk 0:00:44]} 41. fxg4 {[%clk 0:00:25]}  Kg7 {[%clk 0:00:44]} 42. a4 {[%clk 0:00:22]}  Kf6 {[%clk 0:00:44]} 43. Kg1 {[%clk 0:00:22]}  Ke5 {[%clk 0:00:43]} 44. Kf2 {[%clk 0:00:22]}  Kf4 {[%clk 0:00:42]} 45. Ke2 {[%clk 0:00:22]}  Kxg4 {[%clk 0:00:41]} 46. Kd2 {[%clk 0:00:23]}  Rc6 {[%clk 0:00:41]} 47. Rg1+ {[%clk 0:00:23]}  Kh4 {[%clk 0:00:41]} 48. Kc1 {[%clk 0:00:23]}  h2 {[%clk 0:00:41]} 49. Rh1 {[%clk 0:00:22]}  Kh3 {[%clk 0:00:40]} 50. Re1 {[%clk 0:00:21]}  g4 {[%clk 0:00:41]} 51. Re3+ {[%clk 0:00:21]}  g3 {[%clk 0:00:40]} 52. Re1 {[%clk 0:00:22]}  g2 {[%clk 0:00:40]} 53. Re3+ {[%clk 0:00:21]}  Kg4 {[%clk 0:00:39]} 0-1

[Event "April 9 Early 2024"]
[Site "Chess.com"]
[Date "2024.04.09"]
[Round "5"]
[White "Carbone, Diego"]
[Black "Zheenbekov, Nurgazy"]
[Result "1-0"]
[Board "148"]
[WhiteFideId "3002179"]
[BlackFideId "13800485"]
[WhiteTitle "FM"]
[WhiteElo "2576"]
[BlackElo "2460"]
[WhiteTeam "URU"]
[BlackTeam "KGZ"]
[WhiteClock "0:00:17"]
[BlackClock "0:00:00"]
[Variant "Standard"]

1. d4 {[%clk 0:03:00]}  Nf6 {[%clk 0:02:58]} 2. c4 {[%clk 0:03:01]}  g6 {[%clk 0:02:58]} 3. g3 {[%clk 0:03:00]}  Bg7 {[%clk 0:02:58]} 4. Bg2 {[%clk 0:03:01]}  O-O {[%clk 0:02:58]} 5. Nc3 {[%clk 0:03:02]}  d6 {[%clk 0:02:58]} 6. Nf3 {[%clk 0:03:02]}  Nbd7 {[%clk 0:02:55]} 7. O-O {[%clk 0:03:02]}  e5 {[%clk 0:02:54]} 8. e4 {[%clk 0:03:03]}  exd4 {[%clk 0:02:51]} 9. Nxd4 {[%clk 0:03:04]}  Re8 {[%clk 0:02:50]} 10. h3 {[%clk 0:03:03]}  c6 {[%clk 0:02:48]} 11. Be3 {[%clk 0:03:03]}  Qa5 {[%clk 0:02:38]} 12. Qc2 {[%clk 0:02:59]}  Qb4 {[%clk 0:02:32]} 13. b3 {[%clk 0:02:17]}  Qa5 {[%clk 0:02:31]} 14. Rfe1 {[%clk 0:02:12]}  Nc5 {[%clk 0:02:18]} 15. Rad1 {[%clk 0:02:11]}  Qb4 {[%clk 0:02:11]} 16. Ncb5 {[%clk 0:01:36]}  cxb5 {[%clk 0:01:46]} 17. Bd2 {[%clk 0:01:29]}  Qa3 {[%clk 0:01:24]} 18. Nxb5 {[%clk 0:01:29]}  Qa6 {[%clk 0:01:21]} 19. Nc7 {[%clk 0:01:24]}  Qb6 {[%clk 0:01:17]} 20. Nxa8 {[%clk 0:01:24]}  Qd8 {[%clk 0:01:16]} 21. Bf4 {[%clk 0:01:24]}  Bd7 {[%clk 0:00:38]} 22. Bxd6 {[%clk 0:01:13]}  Na6 {[%clk 0:00:29]} 23. e5 {[%clk 0:01:10]}  Qxa8 {[%clk 0:00:21]} 24. exf6 {[%clk 0:01:09]}  Bxf6 {[%clk 0:00:21]} 25. Rxe8+ {[%clk 0:01:07]}  Bxe8 {[%clk 0:00:21]} 26. b4 {[%clk 0:00:52]}  Bc6 {[%clk 0:00:18]} 27. b5 {[%clk 0:00:42]}  Bxg2 {[%clk 0:00:17]} 28. Kxg2 {[%clk 0:00:42]}  b6+ {[%clk 0:00:13]} 29. Rd5 {[%clk 0:00:36]}  Nc5 {[%clk 0:00:13]} 30. Bxc5 {[%clk 0:00:36]}  bxc5 {[%clk 0:00:13]} 31. Qe4 {[%clk 0:00:31]}  Qc8 {[%clk 0:00:08]} 32. Kh2 {[%clk 0:00:27]}  Bd4 {[%clk 0:00:08]} 33. Qf4 {[%clk 0:00:24]}  Kg7 {[%clk 0:00:06]} 34. a4 {[%clk 0:00:23]}  Qe8 {[%clk 0:00:04]} 35. Kg2 {[%clk 0:00:19]}  Qe1 {[%clk 0:00:04]} 36. Qf3 {[%clk 0:00:18]}  h6 {[%clk 0:00:03]} 37. Rd7 {[%clk 0:00:18]}  Qe6 {[%clk 0:00:02]} 38. Rxa7 {[%clk 0:00:18]}  Qxc4 {[%clk 0:00:00]} 39. b6 {[%clk 0:00:17]} 1-0

[Event "April 9 Early 2024"]
[Site "Chess.com"]
[Date "2024.04.09"]
[Round "5"]
[White "Al-Tarboush, Ward"]
[Black "Kuznecova, Marija"]
[Result "1-0"]
[Board "151"]
[WhiteFideId "7601450"]
[BlackFideId "11618736"]
[WhiteTitle "FM"]
[BlackTitle "WCM"]
[WhiteElo "2570"]
[BlackElo "2441"]
[WhiteTeam "NOR"]
[BlackTeam "LAT"]
[WhiteClock "0:00:15"]
[BlackClock "0:00:00"]
[Variant "Standard"]

1. e4 {[%clk 0:03:00]}  c5 {[%clk 0:02:58]} 2. Nf3 {[%clk 0:03:01]}  d6 {[%clk 0:02:58]} 3. d4 {[%clk 0:03:01]}  cxd4 {[%clk 0:02:59]} 4. Nxd4 {[%clk 0:03:01]}  Nf6 {[%clk 0:02:59]} 5. Nc3 {[%clk 0:03:01]}  a6 {[%clk 0:02:59]} 6. h3 {[%clk 0:02:58]}  e5 {[%clk 0:02:55]} 7. Nde2 {[%clk 0:02:58]}  h5 {[%clk 0:02:54]} 8. Bg5 {[%clk 0:02:55]}  Be6 {[%clk 0:02:51]} 9. g3 {[%clk 0:02:55]}  Be7 {[%clk 0:02:47]} 10. Bg2 {[%clk 0:02:55]}  Nbd7 {[%clk 0:02:45]} 11. a4 {[%clk 0:02:54]}  O-O {[%clk 0:02:44]} 12. O-O {[%clk 0:02:54]}  Rc8 {[%clk 0:02:42]} 13. b3 {[%clk 0:02:51]}  Qb6 {[%clk 0:01:45]} 14. a5 {[%clk 0:02:48]}  Qc6 {[%clk 0:01:43]} 15. f4 {[%clk 0:02:45]}  exf4 {[%clk 0:01:37]} 16. gxf4 {[%clk 0:02:43]}  Qc5+ {[%clk 0:01:36]} 17. Kh1 {[%clk 0:02:37]}  Nb8 {[%clk 0:01:31]} 18. f5 {[%clk 0:02:35]}  Bd7 {[%clk 0:01:29]} 19. b4 {[%clk 0:02:32]}  Qc4 {[%clk 0:01:14]} 20. Bxf6 {[%clk 0:02:30]}  Bxf6 {[%clk 0:01:13]} 21. Nd5 {[%clk 0:02:31]}  Bxa1 {[%clk 0:01:11]} 22. c3 {[%clk 0:02:28]}  Rce8 {[%clk 0:00:59]} 23. f6 {[%clk 0:02:22]}  g6 {[%clk 0:00:58]} 24. Qd2 {[%clk 0:02:17]}  Kh7 {[%clk 0:00:58]} 25. Rxa1 {[%clk 0:02:13]}  Bc6 {[%clk 0:00:39]} 26. Nef4 {[%clk 0:01:57]}  Bxd5 {[%clk 0:00:29]} 27. Nxd5 {[%clk 0:01:58]}  Nc6 {[%clk 0:00:24]} 28. Rf1 {[%clk 0:01:53]}  Rxe4 {[%clk 0:00:15]} 29. Nb6 {[%clk 0:01:51]}  Qe6 {[%clk 0:00:14]} 30. Bxe4 {[%clk 0:01:47]}  Qxe4+ {[%clk 0:00:15]} 31. Qg2 {[%clk 0:01:43]}  Re8 {[%clk 0:00:15]} 32. Nd5 {[%clk 0:01:31]}  Re5 {[%clk 0:00:11]} 33. Nf4 {[%clk 0:01:29]}  Qxg2+ {[%clk 0:00:10]} 34. Kxg2 {[%clk 0:01:28]}  Re3 {[%clk 0:00:10]} 35. Nd5 {[%clk 0:01:27]}  Rd3 {[%clk 0:00:10]} 36. c4 {[%clk 0:01:22]}  Ne5 {[%clk 0:00:10]} 37. Rf4 {[%clk 0:01:15]}  g5 {[%clk 0:00:07]} 38. Re4 {[%clk 0:01:14]}  Kg6 {[%clk 0:00:08]} 39. h4 {[%clk 0:01:08]}  g4 {[%clk 0:00:08]} 40. Nf4+ {[%clk 0:01:08]}  Kf5 {[%clk 0:00:08]} 41. Rxe5+ {[%clk 0:00:48]}  dxe5 {[%clk 0:00:05]} 42. Nxd3 {[%clk 0:00:48]}  Kxf6 {[%clk 0:00:04]} 43. Nc5 {[%clk 0:00:47]}  Kf5 {[%clk 0:00:03]} 44. Nxb7 {[%clk 0:00:47]}  e4 {[%clk 0:00:03]} 45. Nd6+ {[%clk 0:00:46]}  Ke5 {[%clk 0:00:03]} 46. Nxf7+ {[%clk 0:00:46]}  Kd4 {[%clk 0:00:03]} 47. Nd6 {[%clk 0:00:43]}  e3 {[%clk 0:00:01]} 48. Nf5+ {[%clk 0:00:19]}  Kxc4 {[%clk 0:00:02]} 49. Nxe3+ {[%clk 0:00:18]}  Kxb4 {[%clk 0:00:03]} 50. Nxg4 {[%clk 0:00:17]}  Kxa5 {[%clk 0:00:01]} 51. Ne3 {[%clk 0:00:15]}  Kb4 {[%clk 0:00:00]} 52. Kf3 {[%clk 0:00:15]} 1-0